00469nam a22001577a 450000500170000001000150001702000260003203500140005803700130007208200100008510000160009524500360011126000410014727001030018830000200029120190402125502.0 aENG-125006 a9788170263494c125.00 aEN-108538 bDBAD/PUB a289.9 aAllen,James aAs a man thinketh/cJames Allen aNew DelhibHeritage Publishersc2018 a19-A, Ansari Road,Daryaganj, New Delhie110002k011-23266258, 23264444minfo@heritagepublishers.in a72p.c19cm(pbk)